| 000 | 00574nam a22001817a 4500 | ||
|---|---|---|---|
| 003 | CEME | ||
| 005 | 20210628204153.0 | ||
| 008 | 210105b xxu||||| |||| 00| 0 eng d | ||
| 020 | _a0470095105 | ||
| 040 | _cceme | ||
| 082 | _a681.2 KAR | ||
| 100 |
_aKarl, Holger, Willig, Andreas _969086 |
||
| 245 | _aProtocols and architectures for wireless sensor networks | ||
| 260 |
_aLONDON _bJOHN WILEY & SONS _c2005 |
||
| 300 | _aXXV,497P | ||
| 650 |
_aWIRELESS SENSOR NETWORKS.WIRELESS SENSOR NETWORKS-PROTOCOLS.WIRELESS SENSOR NETWORKS-ARCHITECTURE _969087 |
||
| 942 |
_cBK _2ddc |
||
| 999 |
_c576496 _d576496 |
||